|
|
|
|
| LEADER |
00000nam0a2200000 4500 |
| 001 |
279284 |
| 005 |
20231101235208.0 |
| 020 |
|
|
|a RU
|b 86-45195
|
| 035 |
|
|
|a (RuTPU)RU\TPU\book\302562
|
| 090 |
|
|
|a 279284
|
| 100 |
|
|
|a 20141217d1986 km y0rusy5003 ca
|
| 101 |
0 |
|
|a rus
|
| 102 |
|
|
|a RU
|
| 105 |
|
|
|a a z 001zy
|
| 200 |
1 |
|
|a Советская литография 1920-х годов в собрании Государственного музея изобразительных искусств имени А. С. Пушкина
|e каталог выставки
|f Союз художников СССР ; Государственный музей изобразительных искусств имени А.С. Пушкина (ГМИИ) ; под ред. К. В. Безменовой
|
| 210 |
|
|
|a Москва
|c Советский художник
|d 1986
|
| 215 |
|
|
|a 118 с.
|c ил.
|
| 320 |
|
|
|a Имен. указ.: с. 116-118
|
| 606 |
1 |
|
|a Литография
|2 stltpush
|3 (RuTPU)RU\TPU\subj\40429
|9 60278
|
| 610 |
1 |
|
|a графика
|
| 610 |
1 |
|
|a гравюры
|
| 610 |
1 |
|
|a литографические работы
|
| 610 |
1 |
|
|a СССР
|
| 610 |
1 |
|
|a история
|
| 610 |
1 |
|
|a 20 век
|
| 610 |
1 |
|
|a музейные коллекции
|
| 675 |
|
|
|a 763(069)
|z rus
|v 4
|
| 702 |
|
1 |
|a Безменова
|b К. В.
|g Ксения Владимировна
|4 340
|
| 712 |
0 |
2 |
|a Союз художников СССР
|9 26636
|
| 712 |
0 |
2 |
|a Государственный музей изобразительных искусств имени А.С. Пушкина (ГМИИ)
|c (г. Москва)
|2 stltpush
|3 (RuTPU)RU\TPU\col\5321
|
| 801 |
|
0 |
|a RU
|b RuMRKP
|c 19950704
|g psbo
|
| 801 |
|
1 |
|a RU
|b 63413507
|c 20141217
|
| 801 |
|
2 |
|a RU
|b 63413507
|c 20170417
|g RCR
|
| 942 |
|
|
|c BK
|